| 000 | 01090nam a2200313 i 4500 | ||
|---|---|---|---|
| 001 | 8289 | ||
| 003 | ES-MaACL | ||
| 005 | 20250728182810.0 | ||
| 007 | t| | ||
| 008 | 920429s1986 sp a |||| |bspa d | ||
| 020 | _a84-7628-012-2 | ||
| 020 | _a84-7232-391-9 | ||
| 080 | _a929 Gálvez, Bernardo de | ||
| 080 | _a355.49(46)"1781" | ||
| 080 | _a355.494 Gálvez | ||
| 100 | 1 |
_aReparaz, Carmen de. _996256 |
|
| 245 | 1 | 0 |
_aYo solo : _bBernardo Gálvez y la toma de Panzacola en 1781 : una contribución española a la independencia de los Estados Unidos / _cCarmen de Reparaz. |
| 250 | _a1ª ed. | ||
| 260 |
_aBarcelona : _bSerbal ; _aMadrid : _bICI, _c1986. |
||
| 300 |
_a272 p. : _bil. col. y n. ; _c26 cm. |
||
| 490 | 1 | _aLibros del buen andar | |
| 600 | 1 | 7 |
_aGálvez, Bernardo de, _cConde de, _d1746-1786 _2 _9164803 |
| 651 | 4 |
_aPensacola- _xHistoria- _y1781, Sitio. _9171501 |
|
| 710 | 2 |
_aInstituto de Cooperación Iberoamericana. _94848 |
|
| 830 | 1 |
_aLibros del buen andar _9177977 |
|
| 852 |
_aES-MaACL _jL-15670 |
||
| 852 |
_aES-MaACL _jL-15671 |
||
| 999 |
_c8289 _d8289 |
||